[Event "Igualada op 15th"]
[Site "Igualada"]
[Date "2020.02.22"]
[Round "7"]
[White "Serarols Montes, Joan"]
[Black "Llacuna Fabregat, Josep Maria"]
[Result "1/2-1/2"]
[WhiteElo "1589"]
[BlackElo "1717"]
[PlyCount "56"]
[EventDate "2020.01.11"]
[EventType "swiss"]
[EventRounds "8"]
[EventCountry "ESP"]
[SourceTitle "CBM 195 Extra"]
[Source "ChessBase"]
[SourceDate "2020.05.31"]
[SourceVersion "1"]
[SourceVersionDate "2020.05.31"]
[SourceQuality "1"]

1. e4 e5 2. Nf3 Nf6 3. Nc3 Nc6 4. d3 Bb4 5. Bd2 d6 6. Be2 h6 7. 0-0 Be6 8. Qc1 Qd7 9. a3 Ba5 10. b4 Bb6 11. Qb2 Nd4 12. Nxd4 Bxd4 13. Be3 Bxe3 14. fxe3 0-0 15. Bf3 Bg4 16. Nd5 Nxd5 17. exd5 Bxf3 18. Rxf3 f6 19. Raf1 Rf7 20. c4 b6 21. e4 a5 22. b5 Raf8 23. Qf2 Kh7 24. h3 Rh8 25. Rf5 Kg8 26. g4 Rf8 27. Qh4 Kh7 28. Qh5 g5 1/2-1/2